000 00526nam a2200181Ia 4500
003 GCL
008 140319s9999 xx 000 0 ara d
040 _aGCL /
_cGCL
082 0 4 _a259
_bم ف
100 1 _aمحمد بن صالح العثيمين
245 1 0 _aالفتاوىالنسائية /
_cمحمد بن صالح العثيمين
260 _a[S.N] :
_bمكتبة العلم ،
_c1993
300 _a102 ص
490 _a
650 0 4 _aالمرأة
650 0 4 _aالمرأة فى الاسلام
942 _2ddc
_cBK
999 _c52748
_d52748